01301nam a2200361 i 450000100060000000300090000600500170001500800410003204000360007304100080010904600090011708000110012608000110013710000310014824500670017926001010024630000350034733600270038233700540040933800280046338000170049138000280050838500390053638800140057538800140058949000840060365800280068765000220071565500130073770000340075083000570078485600980084113736KOSZ 00520191004142538.0960606s1971 pl f |000 0 pol d cKOSZ 005aKOSZ 005dKOSZ 005/HR apol k1971 a621.43 a)83.1)1 aKossobudzki, Jerzy.eAutor 0aSilniki spalinowe /cJerzy Kossobudzki, Zdzisław Okliński.  aWarszawa :bZjednoczenie Przedsiębiorstw Remontowych Maszyn i Urządzeń Budownictwa,c1971. a146 stron :brysunki ;c21 cm. 2rdacontentaTekstbtxt 2rdamediaaBez urządzenia pośredniczącegobn 2rdacarrieraWoluminbnc aKsiążki. aPublikacje dydaktyczne. mPoziom nauczaniaaSzkoły zawodowe a1901-2000 a1945-19891 aPoradnik maszynisty ciężkich maszyn budowlanych ;vCz. 1 ogólna, rozdz. 5 aInżynieria i technika 4aSilniki spalinowe 4aPoradnik1 aOkliński, Zdzisław.eAutor aPoradnik maszynisty ciężkich maszyn budowlanych  uhttp://koha.tu.koszalin.pl/cgi-bin/koha/opac-detail.pl?biblionumber=13736yKatalog online BPK